| 000 | 00000nam 2200000za 4500 |
| 001 | 9.802937 |
| 003 | CaOODSP |
| 005 | 20221107135108 |
| 007 | cr ||||||||||| |
| 008 | 150908s2014 xxc |o f|0| 0 eng d |
| 040 | |aCaOODSP|beng |
| 043 | |an-cn--- |
| 086 | 1 |aTU3-5/13-0011E-PDF |
| 110 | 2 |aTransportation Safety Board of Canada. |
| 245 | 10|aControlled flight into terrain |h[electronic resource] : |bKenn Borek Air Ltd., de Havilland DHC-6-300 Twin Otter C-GKBC, Mount Elizabeth, Antarctica, 23 January 2013. |
| 260 | |a[Gatineau] : |bTransportation Safety Board of Canada, |c[2014]. |
| 300 | |a14 p. : |bfigs, photos. |
| 490 | 1 |aAviation investigation report ; |vA13F0011 |
| 500 | |aIssued also in French under title: Impact sans perte de contrôle du de Havilland DHC-6-300 Twin Otter, C-GKBC exploité par Kenn Borek Air Ltd., Mont Elizabeth (Antarctique) le 23 Janvier 2013. |
| 504 | |aIncludes bibliographical references. |
| 692 | 07|2gccst|aAircraft accidents |
| 775 | 08|tImpact sans perte de contrôle |w(CaOODSP)9.802940 |
| 830 | #0|aAviation investigation report ;|vA13F0011|w(CaOODSP)9.504825 |
| 856 | 40|qPDF|s393 KB|uhttps://publications.gc.ca/collections/collection_2015/bst-tsb/TU3-5-13-0011-eng.pdf |